Normal view
MARC view
- Ayesha, Tatheer
Entry Personal Name
001 - CONTROL NUMBER
- control field: 120251
003 - CONTROL NUMBER IDENTIFIER
- control field: NUST
005 - DATE AND TIME OF LATEST TRANSACTION
- control field: 20240202100452.0
008 - FIXED-LENGTH DATA ELEMENTS
- fixed length control field: 240202|| aca||aabn | a|a d
040 ## - CATALOGING SOURCE
- Original cataloging agency: NUST
- Transcribing agency: NUST
100 ## - HEADING--PERSONAL NAME
- Personal name: Ayesha, Tatheer
670 ## - SOURCE DATA FOUND
- Source citation: Work cat.: (NUST): Ayesha, Tatheer, RANSOMSHIELD: MITIGATING ANDROID RANSOMWARE ATTACKS THROUGH PERMISSIONBASED ANALYSIS USING MACHINE LEARNING/
